[Event "Kiev Spring op"]
[Site "Kiev"]
[Date "2021.07.14"]
[Round "6"]
[White "Bilenko, Yaroslav"]
[Black "Rudenko, Vadym"]
[Result "0-1"]
[WhiteElo "1616"]
[BlackElo "1369"]
[PlyCount "72"]
[EventDate "2021.07.10"]
[EventType "swiss"]
[EventRounds "9"]
[EventCountry "UKR"]
[SourceTitle "EXT 2024"]
[Source "ChessBase"]
[SourceDate "2023.10.10"]
[SourceVersion "1"]
[SourceVersionDate "2023.10.10"]
[SourceQuality "1"]

1. e4 c6 2. Nf3 d5 3. Nc3 Bg4 4. Be2 Nf6 5. e5 Nfd7 6. d4 e6 7. 0-0 c5 8. Be3 Nc6 9. Re1 Be7 10. h3 Bxf3 11. Bxf3 Bg5 12. Bg4 Bxe3 13. fxe3 cxd4 14. exd4 Qb6 15. Kh2 Qxd4 16. Qxd4 Nxd4 17. Rad1 Nxc2 18. Re2 Nb4 19. a3 Nc6 20. Nb5 Ke7 21. Nc7 Rad8 22. Kg3 Ncxe5 23. Nxd5+ exd5 24. Bxd7 f6 25. Ba4 Rd6 26. Kf4 Rhd8 27. Rd4 Kf7 28. Bb3 Nc6 29. Rd1 Kg6 30. g4 d4 31. h4 d3 32. h5+ Kh6 33. Red2 Rd4+ 34. Kf5 R8d6 35. Re1 g6+ 36. hxg6 hxg6# 0-1